| 000 | 01031nam a22002057a 4500 | ||
|---|---|---|---|
| 003 | OSt | ||
| 005 | 20160620110236.0 | ||
| 008 | 150409b2009 slv spa | ||
| 040 | _cBMC | ||
| 082 | _a658.3112 | ||
| 100 | 1 |
_935339 _aVelásquez Paez, Yuliana Beatriz |
|
| 245 | 1 | 0 |
_aPasantía de asistente a la Gerencia General en el área de desarrollo humano en la sociedad Cooperativa solidarista de R.L. y Operadora de la Sierra, S.A. de C.V. _b: Informe final _cYuliana Beatriz Velásquez Paez |
| 260 |
_aSanta Ana (El Salvador) _bUniversidad Católica de El Salvador _c2009 |
||
| 300 |
_a1 v. (pág. var.) _bil. col. _c28 cm _e+ 1 disco compacto |
||
| 500 | _aPrecede al tít.: Universidad Católica de El Salvador, Facultad de Ciencias Empresariales | ||
| 502 | _aTrabajo de graduación para optar al grado académico de Licenciada en Administración de Empresas | ||
| 650 | 2 | 4 |
_95702 _aGestión de recursos humanos |
| 710 | 2 |
_91067 _aUniversidad Católica de El Salvador _bFacultad de Ciencias Empresariales |
|
| 942 |
_2ddc _cTG |
||
| 999 |
_c21693 _d21693 |
||